Histoire de la littérature francoise au XVII siécle

محفوظ في:
التفاصيل البيبلوغرافية
المؤلف الرئيسي: Adam, Antoine
التنسيق: كتاب
اللغة:Undetermined
منشور في: París, Francia Garnier 1950
الموضوعات:
الوسوم: إضافة وسم
لا توجد وسوم, كن أول من يضع وسما على هذه التسجيلة!

MARC

LEADER 00000nam a2200000Ia 4500
008 170316s9999 xx 000 0 und d
040 |a cru BVZT 
090 |a H-840 A-1h 
100 |a Adam, Antoine 
245 |a Histoire de la littérature francoise au XVII siécle 
260 |a París, Francia 
260 |b Garnier 
260 |c 1950 
300 |a 614 páginas 
650 |a LITERATURA FRANCESA 
999 |c 13608  |d 13608 
942 |c 15 D  |h H-840 A-1h  |2 z